[Event "Barcelona La Lira op 35th"]
[Site "Barcelona"]
[Date "2017.02.17"]
[Round "5"]
[White "Martinez Hernandez, Emili"]
[Black "Meyer, Kuno"]
[Result "1-0"]
[WhiteElo "1822"]
[BlackElo "1577"]
[PlyCount "98"]
[EventDate "2017.01.20"]
[EventType "swiss"]
[EventRounds "8"]
[EventCountry "ESP"]
[SourceTitle "EXT 2018"]
[Source "ChessBase"]
[SourceDate "2017.10.13"]
[SourceVersion "1"]
[SourceVersionDate "2017.10.13"]
[SourceQuality "1"]

1. d4 d5 2. c4 e6 3. Nf3 Nf6 4. g3 c6 5. cxd5 exd5 6. Bg2 Bb4+ 7. Nbd2 Ne4 8. 0-0 Nxd2 9. Bxd2 Bxd2 10. Qxd2 0-0 11. Ne5 Re8 12. Rac1 Nd7 13. Nxd7 Bxd7 14. e3 Qe7 15. Rc3 Be6 16. Rfc1 Qb4 17. Qc2 g6 18. Rb3 Qe7 19. Qc5 Qxc5 20. Rxc5 Re7 21. Ra3 Ree8 22. b4 a6 23. Rb3 Bf5 24. a4 Bd7 25. Bf1 b5 26. axb5 axb5 27. Rc1 Ra4 28. h4 Rea8 29. Bg2 Ra1 30. Rbb1 Rxb1 31. Rxb1 f5 32. Bf1 Kf7 33. Kg2 Kf6 34. Be2 Ra2 35. Bd1 Ra6 36. Rb2 Ra1 37. Bc2 Ra3 38. Kf1 Ra1+ 39. Ke2 Ra3 40. f3 h6 41. Kf2 Be6 42. e4 dxe4 43. fxe4 Ra2 44. Rxa2 Bxa2 45. h5 gxh5 46. exf5 Bd5 47. Ke3 Kg5 48. Be4 h4 49. gxh4+ Kxh4 1-0

[Event "Barcelona La Lira op 35th"]
[Site "Barcelona"]
[Date "2017.02.10"]
[Round "4"]
[White "Meyer, Kuno"]
[Black "Pereda Villalba, Julian"]
[Result "1/2-1/2"]
[WhiteElo "1577"]
[BlackElo "1767"]
[PlyCount "77"]
[EventDate "2017.01.20"]
[EventType "swiss"]
[EventRounds "8"]
[EventCountry "ESP"]
[SourceTitle "EXT 2018"]
[Source "ChessBase"]
[SourceDate "2017.10.13"]
[SourceVersion "1"]
[SourceVersionDate "2017.10.13"]
[SourceQuality "1"]

1. e4 e5 2. Nf3 Nc6 3. Bc4 Be7 4. 0-0 Nf6 5. d3 0-0 6. Nc3 d6 7. a3 Bg4 8. Be3 Nd4 9. Bxd4 exd4 10. Nd5 c6 11. Nxf6+ Bxf6 12. h3 Be6 13. Bxe6 fxe6 14. Qe2 e5 15. c3 c5 16. cxd4 cxd4 17. Rac1 Qd7 18. Rc2 Rac8 19. Rfc1 b6 20. Ne1 h6 21. Rxc8 Rxc8 22. Rxc8+ Qxc8 23. Qc2 Qxc2 24. Nxc2 a5 25. a4 Kf7 26. Kf1 Ke6 27. Ke2 d5 28. f3 Be7 29. Na3 Kd6 30. Kd2 Kc6 31. Nc2 dxe4 32. fxe4 b5 33. axb5+ Kxb5 34. Na1 Kb4 35. Kc2 a4 36. Kb1 Kb5 37. Ka2 Bg5 38. Nc2 Be7 39. Na1 1/2-1/2

[Event "Barcelona La Lira op 35th"]
[Site "Barcelona"]
[Date "2017.01.20"]
[Round "1"]
[White "Barragan Hernandez, Manel"]
[Black "Meyer, Kuno"]
[Result "1-0"]
[WhiteElo "1879"]
[BlackElo "1577"]
[PlyCount "61"]
[EventDate "2017.01.20"]
[EventType "swiss"]
[EventRounds "8"]
[EventCountry "ESP"]
[SourceTitle "EXT 2018"]
[Source "ChessBase"]
[SourceDate "2017.10.13"]
[SourceVersion "1"]
[SourceVersionDate "2017.10.13"]
[SourceQuality "1"]

1. e4 e5 2. Nf3 Nc6 3. Bb5 Bc5 4. 0-0 Nge7 5. Nxe5 Nxe5 6. d4 Bd6 7. dxe5 Bxe5 8. c3 0-0 9. Be3 d5 10. Qh5 f5 11. f4 Bf6 12. e5 g6 13. Qf3 Bg7 14. Na3 c6 15. Ba4 Be6 16. Nc2 Kh8 17. Rfd1 Re8 18. b4 Qc7 19. Nd4 Bg8 20. Rac1 b5 21. Bc2 a5 22. Bb3 a4 23. Bc2 Qd7 24. h3 Rad8 25. Kh1 Qb7 26. g4 fxg4 27. hxg4 Nc8 28. Kg2 Bf7 29. Rh1 Kg8 30. Qh3 h6 31. f5 1-0

[Event "Moia op 5th"]
[Site "Moia"]
[Date "2016.11.04"]
[Round "6"]
[White "Meyer, Kuno"]
[Black "Carrera Font, Daniel"]
[Result "1-0"]
[WhiteElo "1582"]
[BlackElo "1423"]
[PlyCount "38"]
[EventDate "2016.09.23"]
[EventType "swiss"]
[EventRounds "8"]
[EventCountry "ESP"]
[SourceTitle "EXT 2018"]
[Source "ChessBase"]
[SourceDate "2017.10.13"]
[SourceVersion "1"]
[SourceVersionDate "2017.10.13"]
[SourceQuality "1"]

1. e4 e5 2. Nf3 Nc6 3. Bc4 Nf6 4. Ng5 d5 5. exd5 Na5 6. Bb5+ c6 7. dxc6 bxc6 8. Bd3 h6 9. Ne4 c5 10. Qf3 Bb7 11. Nbc3 Be7 12. Bb5+ Nd7 13. Qg4 0-0 14. Bxd7 Nc6 15. Bxc6 Bxc6 16. Qf5 Qd4 17. d3 Rad8 18. 0-0 Bd7 19. Qf3 Qb4 1-0

[Event "Moia op 5th"]
[Site "Moia"]
[Date "2016.10.28"]
[Round "5"]
[White "Barcons Gallach, Alfonso"]
[Black "Meyer, Kuno"]
[Result "1-0"]
[WhiteElo "1894"]
[BlackElo "1582"]
[PlyCount "63"]
[EventDate "2016.09.23"]
[EventType "swiss"]
[EventRounds "8"]
[EventCountry "ESP"]
[SourceTitle "EXT 2018"]
[Source "ChessBase"]
[SourceDate "2017.10.13"]
[SourceVersion "1"]
[SourceVersionDate "2017.10.13"]
[SourceQuality "1"]

1. e4 e5 2. Nf3 Nc6 3. Bc4 Bc5 4. 0-0 Nf6 5. Nc3 0-0 6. d3 d6 7. Bg5 Bg4 8. Nd5 Nd4 9. Nxf6+ gxf6 10. Bh6 Re8 11. Kh1 Qd7 12. c3 Nc6 13. Qd2 Bxf3 14. gxf3 Kh8 15. Rg1 Rg8 16. a4 a5 17. b4 axb4 18. cxb4 Bxb4 19. Qa2 Qh3 20. Bg7+ Rxg7 21. Rxg7 Kxg7 22. Rg1+ Kf8 23. Rg3 Qh5 24. Qb3 Nd4 25. Qxb4 Nxf3 26. h3 b6 27. Qb5 Nd4 28. Qd7 Ne2 29. Rg2 Nf4 30. Rg3 Qd1+ 31. Kh2 Qh5 32. Qxc7 1-0

[Event "Igualada op 11th"]
[Site "Igualada"]
[Date "2016.03.05"]
[Round "8"]
[White "Meyer, Kuno"]
[Black "Mollet Soldevila, Eva"]
[Result "1-0"]
[WhiteElo "1646"]
[BlackElo "1383"]
[PlyCount "79"]
[EventDate "2016.01.16"]
[EventType "swiss"]
[EventRounds "8"]
[EventCountry "ESP"]
[SourceTitle "EXT 2017"]
[Source "ChessBase"]
[SourceDate "2016.10.25"]
[SourceVersion "1"]
[SourceVersionDate "2016.10.25"]
[SourceQuality "1"]

1. e4 e5 2. Nf3 d6 3. Bc4 Be7 4. d4 exd4 5. Qxd4 Nf6 6. Nc3 Nc6 7. Qd1 0-0 8. 0-0 Bg4 9. Re1 Ne5 10. Be2 Nxf3+ 11. Bxf3 Bxf3 12. Qxf3 c6 13. Qg3 g6 14. Be3 Qd7 15. f3 Nh5 16. Qf2 b6 17. Rad1 f5 18. exf5 gxf5 19. Qe2 Bf6 20. Bd4 Rfe8 21. Qd2 Rxe1+ 22. Rxe1 Bxd4+ 23. Qxd4 d5 24. Rd1 Qg7 25. Qd2 Re8 26. Re1 Rxe1+ 27. Qxe1 Nf4 28. Qe8+ Qf8 29. Qxc6 Qc5+ 30. Qxc5 bxc5 31. Kf2 Kf7 32. g3 d4 33. gxf4 dxc3 34. b3 Ke6 35. Ke2 Kd5 36. Kd3 a6 37. Kxc3 a5 38. Kd3 h6 39. h3 h5 40. h4 1-0

[Event "Igualada op 11th"]
[Site "Igualada"]
[Date "2016.02.20"]
[Round "6"]
[White "Meyer, Kuno"]
[Black "Zumel Roman, David"]
[Result "0-1"]
[WhiteElo "1646"]
[BlackElo "1675"]
[PlyCount "20"]
[EventDate "2016.01.16"]
[EventType "swiss"]
[EventRounds "8"]
[EventCountry "ESP"]
[SourceTitle "EXT 2017"]
[Source "ChessBase"]
[SourceDate "2016.10.25"]
[SourceVersion "1"]
[SourceVersionDate "2016.10.25"]
[SourceQuality "1"]

1. e4 e6 2. d4 d5 3. exd5 exd5 4. Bf4 Nf6 5. Bd3 c5 6. Bxb8 Rxb8 7. Bb5+ Bd7 8. Bxd7+ Qxd7 9. Qe2+ Qe6 10. Qxe6+ fxe6 0-1

[Event "Igualada op 11th"]
[Site "Igualada"]
[Date "2016.02.06"]
[Round "4"]
[White "Meyer, Kuno"]
[Black "Vilella Bertran, Joan"]
[Result "0-1"]
[WhiteElo "1646"]
[BlackElo "1953"]
[PlyCount "66"]
[EventDate "2016.01.16"]
[EventType "swiss"]
[EventRounds "8"]
[EventCountry "ESP"]
[SourceTitle "EXT 2017"]
[Source "ChessBase"]
[SourceDate "2016.10.25"]
[SourceVersion "1"]
[SourceVersionDate "2016.10.25"]
[SourceQuality "1"]

1. e4 c5 2. Nf3 Nc6 3. d4 cxd4 4. Nxd4 g6 5. Nxc6 bxc6 6. Qd4 Nf6 7. e5 Nd5 8. e6 f6 9. exd7+ Bxd7 10. Bc4 e5 11. Qd1 Qa5+ 12. c3 Be6 13. Qb3 Qb6 14. 0-0 Bc5 15. Qxb6 Bxb6 16. Re1 0-0-0 17. Na3 Rd7 18. Bxd5 Rxd5 19. Nc4 Rhd8 20. Nxb6+ axb6 21. Be3 Kc7 22. f3 h5 23. Kf2 c5 24. Re2 Bc8 25. Kf1 Rd3 26. Rc1 c4 27. Rcc2 Rd1+ 28. Kf2 Ra1 29. a3 Rdd1 30. Red2 Rf1+ 31. Kg3 Bf5 32. Rf2 Bxc2 33. Rxc2 Rae1 0-1

[Event "Barcelona La Lira op 34th"]
[Site "Barcelona"]
[Date "2016.02.05"]
[Round "4"]
[White "Meyer, Kuno"]
[Black "Ritter Aguilar, Jordi"]
[Result "0-1"]
[WhiteElo "1646"]
[BlackElo "1930"]
[PlyCount "66"]
[EventDate "2016.01.15"]
[EventType "swiss"]
[EventRounds "8"]
[EventCountry "ESP"]
[SourceTitle "EXT 2017"]
[Source "ChessBase"]
[SourceDate "2016.10.25"]
[SourceVersion "1"]
[SourceVersionDate "2016.10.25"]
[SourceQuality "1"]

1. e4 e5 2. Nf3 Nc6 3. Bc4 Nf6 4. Ng5 d5 5. exd5 Na5 6. Bb5+ c6 7. dxc6 bxc6 8. Bd3 h6 9. Ne4 Nxe4 10. Bxe4 Bd6 11. 0-0 0-0 12. d3 Bd7 13. Nc3 Nb7 14. b3 Qh4 15. g3 Qe7 16. Bb2 Bh3 17. Bg2 Bxg2 18. Kxg2 f5 19. Re1 f4 20. Ne4 Qe6 21. Nxd6 f3+ 22. Kh1 Qh3 23. Rg1 Nxd6 24. Qf1 Qf5 25. Ba3 Rfd8 26. Bxd6 Rxd6 27. Qe1 Rd4 28. Qc3 Qf6 29. Rae1 Re8 30. Qa5 Rd5 31. Qxa7 e4 32. dxe4 Rh5 33. h4 Rxh4+ 0-1

[Event "Barcelona La Lira op 33rd"]
[Site "Barcelona"]
[Date "2015.01.23"]
[Round "2"]
[White "Meyer, Kuno"]
[Black "Elias Arguelles, Manuel"]
[Result "1/2-1/2"]
[WhiteElo "1653"]
[BlackElo "1665"]
[PlyCount "58"]
[EventDate "2015.01.16"]
[EventType "swiss"]
[EventRounds "9"]
[EventCountry "ESP"]
[SourceTitle "EXT 2016"]
[Source "ChessBase"]
[SourceDate "2015.10.08"]
[SourceVersion "1"]
[SourceVersionDate "2015.10.08"]
[SourceQuality "1"]

1. e4 c6 2. Nc3 d5 3. exd5 cxd5 4. Bb5+ Nc6 5. Nge2 Nf6 6. d4 e6 7. Bf4 Bd6 8. 0-0 0-0 9. Rb1 Qc7 10. g3 h6 11. Ba4 b5 12. Bxb5 Nxd4 13. Qxd4 e5 14. Qa4 exf4 15. Bc6 Bd7 16. Bxd7 Nxd7 17. Nxd5 Qb7 18. Nexf4 Ne5 19. Qe4 Rab8 20. Nd3 f5 21. Qg2 Nxd3 22. cxd3 Rfd8 23. Ne3 Qb5 24. Qd5+ Qxd5 25. Nxd5 Rb5 26. Nc3 Ra5 27. d4 Bb4 28. a3 Bxc3 29. bxc3 Rxa3 1/2-1/2

[Event "Igualada and Anoia op 9th"]
[Site "Igualada"]
[Date "2014.02.01"]
[Round "3"]
[White "Meyer, Kuno"]
[Black "Iglesias Rodriguez, Joel"]
[Result "1-0"]
[WhiteElo "1645"]
[BlackElo "1721"]
[PlyCount "83"]
[EventDate "2014.01.11"]
[EventType "swiss"]
[EventRounds "8"]
[EventCountry "ESP"]
[SourceTitle "EXT 2024"]
[Source "ChessBase"]
[SourceDate "2023.10.10"]
[SourceVersion "1"]
[SourceVersionDate "2023.10.10"]
[SourceQuality "1"]

1. e4 c5 2. Nf3 Nc6 3. d4 cxd4 4. Nxd4 Nf6 5. Nc3 e5 6. Ndb5 d6 7. a4 a6 8. Na3 Bd7 9. Nc4 Nd4 10. Be3 b5 11. Nd2 bxa4 12. Nxa4 Ne6 13. Nb6 Rb8 14. Rxa6 Nc5 15. Nxd7 Qxd7 16. Bxc5 dxc5 17. Qa1 Be7 18. Bd3 0-0 19. 0-0 Qd4 20. b3 Qb4 21. Nc4 Nd7 22. Nxe5 Bf6 23. Nc6 Qb7 24. Qa4 Rbc8 25. Na5 Qc7 26. Nc4 Ne5 27. Nxe5 Bxe5 28. Bc4 Bxh2+ 29. Kh1 Bd6 30. Rd1 Be7 31. Rd3 Qf4 32. Rf3 Qh4+ 33. Kg1 Rcd8 34. Rd3 Kh8 35. Rxd8 Rxd8 36. Ra8 h6 37. Rxd8+ Bxd8 38. Qe8+ Kh7 39. Qxf7 Bf6 40. Bd3 h5 41. e5+ Kh6 42. Qg6# 1-0

[Event "Vilafranca del Penedes op 7th"]
[Site "Vilafranca del Penedes"]
[Date "2013.04.05"]
[Round "1"]
[White "Meyer, Kuno"]
[Black "Toledano Luna, Pedro"]
[Result "0-1"]
[WhiteElo "1710"]
[BlackElo "2219"]
[PlyCount "24"]
[EventDate "2013.04.05"]
[EventType "swiss"]
[EventRounds "8"]
[EventCountry "ESP"]
[SourceTitle "EXT 2014"]
[Source "ChessBase"]
[SourceDate "2013.11.20"]
[SourceVersion "1"]
[SourceVersionDate "2013.11.20"]
[SourceQuality "1"]

1. e4 d6 2. d4 Nf6 3. Bd3 e5 4. dxe5 dxe5 5. Bb5+ Nbd7 6. Bg5 c6 7. Bd3 Qb6 8. b3 Bc5 9. Qe2 Nf8 10. h3 Ne6 11. Bxf6 gxf6 12. Qf3 Bd4 0-1

[Event "Barcelona La Lira op 30th"]
[Site "Barcelona"]
[Date "2012.03.02"]
[Round "7"]
[White "Montalban Colell, Bernat"]
[Black "Meyer, Kuno"]
[Result "1-0"]
[WhiteElo "1871"]
[BlackElo "1694"]
[PlyCount "29"]
[EventDate "2012.01.20"]
[EventType "swiss"]
[EventRounds "8"]
[EventCountry "ESP"]
[SourceTitle "EXT 2013"]
[Source "ChessBase"]
[SourceDate "2012.11.22"]
[SourceVersion "1"]
[SourceVersionDate "2012.11.22"]
[SourceQuality "1"]

1. e4 e5 2. Nf3 Nc6 3. d4 exd4 4. Nxd4 Bc5 5. Nxc6 Qf6 6. Qf3 Qxc6 7. Bd3 Ne7 8. 0-0 0-0 9. Nc3 a6 10. Bf4 d6 11. Qh5 Be6 12. Nd5 Qd7 13. e5 Nf5 14. Bxf5 Bxf5 15. Qxf5 1-0

[Event "Barcelona La Lira op 30th"]
[Site "Barcelona"]
[Date "2012.02.24"]
[Round "6"]
[White "Ritter Aguilar, Jordi"]
[Black "Meyer, Kuno"]
[Result "1-0"]
[WhiteElo "1918"]
[BlackElo "1694"]
[PlyCount "89"]
[EventDate "2012.01.20"]
[EventType "swiss"]
[EventRounds "8"]
[EventCountry "ESP"]
[SourceTitle "EXT 2013"]
[Source "ChessBase"]
[SourceDate "2012.11.22"]
[SourceVersion "1"]
[SourceVersionDate "2012.11.22"]
[SourceQuality "1"]

1. e4 e5 2. Nf3 Nc6 3. Bc4 Bc5 4. b4 Bb6 5. a4 a6 6. Nc3 Bd4 7. Nxd4 Nxd4 8. Nd5 Nf6 9. c3 Ne6 10. d4 exd4 11. cxd4 Nxe4 12. Qe2 Nd6 13. Bd3 c6 14. Nc3 Qf6 15. Qe5 Ke7 16. 0-0 Qxe5 17. dxe5 Ne8 18. f4 d5 19. f5 N6c7 20. Be3 f6 21. Bc5+ Kf7 22. e6+ Nxe6 23. fxe6+ Bxe6 24. Rae1 Nc7 25. Ne2 Bd7 26. Nf4 Ne6 27. Nxe6 Bxe6 28. Re3 Rae8 29. Rfe1 g6 30. b5 axb5 31. axb5 f5 32. bxc6 bxc6 33. Ba6 f4 34. Re5 Bf5 35. Re7+ Rxe7 36. Rxe7+ Kf6 37. Rc7 Re8 38. Rxc6+ Ke5 39. Bd6+ Ke4 40. Rc1 Rd8 41. Re1+ Kd4 42. Bxf4 Kc3 43. Be5+ Kb4 44. Bd4 Be4 45. Bf1 1-0

[Event "Barbera del Valles op-B 30th"]
[Site "Barbera del Valles"]
[Date "2007.07.10"]
[Round "5"]
[White "Ayza Casamitjana, Antoni"]
[Black "Meyer, Kuno"]
[Result "0-1"]
[WhiteElo "2010"]
[BlackElo "1759"]
[PlyCount "56"]
[EventDate "2007.07.06"]
[EventType "swiss"]
[EventRounds "7"]
[EventCountry "ESP"]
[SourceTitle "EXT 2008"]
[Source "ChessBase"]
[SourceDate "2007.11.25"]
[SourceVersion "1"]
[SourceVersionDate "2007.11.25"]
[SourceQuality "1"]

1. e4 e5 2. Nf3 d6 3. d4 exd4 4. Nxd4 Nf6 5. Nc3 Be7 6. f3 Bd7 7. Be3 Nc6 8. Qd2 0-0 9. 0-0-0 Nxd4 10. Bxd4 a6 11. g4 Bxg4 12. fxg4 Nxg4 13. Kb1 Bg5 14. Qe2 Nh6 15. Rg1 f5 16. Qh5 Nf7 17. Bc4 Bf6 18. Rxg7+ Kxg7 19. Rg1+ Kh8 20. Bxf6+ Qxf6 21. Nd5 Qd4 22. Rd1 Qxc4 23. Nf6 Ng5 24. Qxg5 Qf7 25. Nd5 fxe4 26. Qe3 Qxd5 27. Qc3+ Qe5 28. Qxc7 e3 0-1

[Event "Catalunya-ch"]
[Site "Barcelona"]
[Date "2007.04.09"]
[Round "9"]
[White "Vargas Drechsler, Carlos"]
[Black "Meyer, Kuno"]
[Result "1/2-1/2"]
[WhiteElo "1948"]
[BlackElo "1760"]
[PlyCount "52"]
[EventDate "2007.04.01"]
[EventType "swiss"]
[EventRounds "9"]
[EventCountry "ESP"]
[SourceTitle "CBM 117 Extra"]
[Source "ChessBase"]
[SourceDate "2007.05.09"]
[SourceVersion "1"]
[SourceVersionDate "2007.05.09"]
[SourceQuality "1"]

1. d4 d5 2. c4 e6 3. g3 dxc4 4. Bg2 c6 5. Nf3 Nf6 6. 0-0 Be7 7. Nbd2 0-0 8. Nxc4 Nbd7 9. Bf4 Nb6 10. Qc2 Nxc4 11. Qxc4 Bd6 12. Ne5 Nd5 13. e4 Nxf4 14. gxf4 Qf6 15. Nxc6 Bxf4 16. Ne5 Bxe5 17. dxe5 Qxe5 18. f4 Qa5 19. e5 Qb6+ 20. Kh1 Bd7 21. Qe2 Bb5 22. Qh5 Bxf1 23. Rxf1 Qd4 24. h4 f6 25. Bh3 Qd5+ 26. Bg2 Qc4 1/2-1/2

[Event "Catalunya-ch"]
[Site "Barcelona"]
[Date "2007.04.04"]
[Round "4"]
[White "Garcia Gil, Jose Antonio"]
[Black "Meyer, Kuno"]
[Result "1-0"]
[WhiteElo "1811"]
[BlackElo "1760"]
[PlyCount "39"]
[EventDate "2007.04.01"]
[EventType "swiss"]
[EventRounds "9"]
[EventCountry "ESP"]
[SourceTitle "CBM 117 Extra"]
[Source "ChessBase"]
[SourceDate "2007.05.09"]
[SourceVersion "1"]
[SourceVersionDate "2007.05.09"]
[SourceQuality "1"]

1. d4 d5 2. Nf3 Bf5 3. e3 Nf6 4. Bd3 Bg4 5. Nbd2 e6 6. c3 Bd6 7. e4 dxe4 8. Nxe4 0-0 9. Bg5 Be7 10. h3 Bh5 11. Be3 Nbd7 12. Neg5 Bg6 13. Bxg6 hxg6 14. Qc2 Nd5 15. Bd2 c5 16. h4 cxd4 17. h5 dxc3 18. bxc3 f6 19. Nxe6 Qb6 20. Nfd4 1-0

[Event "Catalunya-ch"]
[Site "Barcelona"]
[Date "2007.04.02"]
[Round "2"]
[White "Lleyda Naval, Justo"]
[Black "Meyer, Kuno"]
[Result "1-0"]
[WhiteElo "1981"]
[BlackElo "1760"]
[PlyCount "103"]
[EventDate "2007.04.01"]
[EventType "swiss"]
[EventRounds "9"]
[EventCountry "ESP"]
[SourceTitle "CBM 117 Extra"]
[Source "ChessBase"]
[SourceDate "2007.05.09"]
[SourceVersion "1"]
[SourceVersionDate "2007.05.09"]
[SourceQuality "1"]

1. e4 e5 2. Nf3 d6 3. d4 exd4 4. Nxd4 Nf6 5. Nc3 Be7 6. Be2 0-0 7. Be3 a6 8. 0-0 Bd7 9. f4 Nc6 10. Bf3 Nxd4 11. Bxd4 Bc6 12. Qe1 d5 13. e5 Ne4 14. Rd1 Nxc3 15. Qxc3 Be8 16. f5 c6 17. Be2 Qc7 18. e6 f6 19. Bc5 b6 20. Bxe7 Qxe7 21. Qg3 Ra7 22. c4 dxc4 23. Qd6 b5 24. Bf3 Qxd6 25. Rxd6 c5 26. Rfd1 b4 27. Bc6 Rc7 28. Bxe8 Rxe8 29. Rxa6 Rec8 30. Rad6 Kf8 31. Rc1 Ra8 32. a3 Ke7 33. Rd5 bxa3 34. bxa3 Rxa3 35. Rxc4 Ra5 36. Kf2 Rb5 37. h3 Ra5 38. Kf3 Rb5 39. Kf4 Rb4 40. Rxb4 cxb4 41. Rb5 Rc4+ 42. Ke3 g6 43. Rb7+ Ke8 44. g4 gxf5 45. gxf5 Rc5 46. Ke4 Rc3 47. Rxb4 Rxh3 48. Rb7 Rh4+ 49. Kf3 Rh5 50. Kg4 Rh1 51. Rf7 h5+ 52. Kg3 1-0